Hardware Backdoor Analysis Toolkit (HBAT) / (Record no. 603352)

000 -LEADER
fixed length control field 00663nam a22001817a 4500
003 - CONTROL NUMBER IDENTIFIER
control field NUST
040 ## - CATALOGING SOURCE
Original cataloging agency 0
082 ## - DEWEY DECIMAL CLASSIFICATION NUMBER
Classification number 621.382,BAT
100 ## - MAIN ENTRY--PERSONAL NAME
Personal name Batool, Bushra
245 ## - TITLE STATEMENT
Title Hardware Backdoor Analysis Toolkit (HBAT) /
Statement of responsibility, etc. Bushra Batool, Asma Rashid, Tehreem Fatima and Izza Batool. (TCC-31 / BETE-56)
264 ## - PRODUCTION, PUBLICATION, DISTRIBUTION, MANUFACTURE, AND COPYRIGHT NOTICE
Place of production, publication, distribution, manufacture Rawalpindi
Name of producer, publisher, distributor, manufacturer MCS (NUST)
Date of production, publication, distribution, manufacture, or copyright notice 2023
300 ## - PHYSICAL DESCRIPTION
Extent 62 p.;
505 ## - FORMATTED CONTENTS NOTE
Formatted contents note Introduction (Page-1), Background (Page-12), Methodology (Page-18), Implementation (Page-21), Conclusion (Page-35).
650 ## - SUBJECT ADDED ENTRY--TOPICAL TERM
Topical term or geographic name entry element UG EE Project
690 ## - LOCAL SUBJECT ADDED ENTRY--TOPICAL TERM (OCLC, RLIN)
Topical term or geographic name as entry element TCC-31 / BETE-56
700 ## - ADDED ENTRY--PERSONAL NAME
Personal name Supervised by Dr. Haider Abbas
942 ## - ADDED ENTRY ELEMENTS (KOHA)
Source of classification or shelving scheme
Koha item type Project Report
Holdings
Withdrawn status Permanent Location Current Location Shelving location Date acquired Full call number Barcode Koha item type
  Military College of Signals (MCS) Military College of Signals (MCS) Thesis 10/06/2023 621.382,BAT MCSPTC-444 Project Report
© 2023 Central Library, National University of Sciences and Technology. All Rights Reserved.